000 01047cam a2200337 a 4500
001 13147317
005 20160318124555.0
008 030403s2003 enk b o000 0 eng d
010 _a 2003266781
015 _aGBA3-Z8037
020 _a1853839817
020 _a1853839825 (PBK.)
035 _a(OCoLC)ocm51235679
040 _aUKM
_cUKM
_dDLC
042 _alccopycat
050 0 0 _aHF1379
_b.M35 2003
082 0 0 _a338.9
_221
651 0 _aDeveloping countries
245 0 0 _aMaking global trade work for people.
260 _aLondon
_aSterling, Va., :
_bEarthscan,
_c2003.
300 _axxxii, 341 p. ;
_c26 cm.
504 _aIncludes bibliographical references.
650 0 _aInternational trade.
650 0 _aFree trade
_zDeveloping countries.
650 0 _aEconomic development.
651 0 _xCommerce.
710 2 _aUnited Nations Development Programme.
906 _a7
_bcbc
_ccopycat
_d2
_encip
_f20
_gy-gencatlg
942 _2lcc
_cBK
999 _c46190
_d46190